Formacion ética y ciudadana : cuestiones de filosofía. las decisiones morales, la sociedad justa y la participación ciudadana /
Guardado en:
| Autor Principal: | |
|---|---|
| Otros Autores: | , , |
| Formato: | Libro |
| Publicado: |
Buenos Aires :
Estrada,
1999
|
| Series: | Libros con libros
|
| Materias: | |
| Etiquetas: |
Agregar Etiqueta
Sin Etiquetas, Sea el primero en etiquetar este registro!
|
| LEADER | 01923nam a22003495a 4500 | ||
|---|---|---|---|
| 001 | CEM.cems010575 | ||
| 005 | 20080228102633.0 | ||
| 008 | 130507s1999##################000#0#####d | ||
| 003 | CEMS | ||
| 020 | |a 9500107756 | ||
| 082 | 0 | 4 | |a Z320 |
| 100 | 1 | |a Elena, Sandra | |
| 245 | 1 | 0 | |a Formacion ética y ciudadana : |b cuestiones de filosofía. las decisiones morales, la sociedad justa y la participación ciudadana / |c Sandra Elena ... [et Al.] |
| 260 | |a Buenos Aires : |b Estrada, |c 1999 | ||
| 300 | |a 255 p. | ||
| 490 | 0 | |a Libros con libros | |
| 500 | |a Para Polimodal | ||
| 505 | 0 | |a Ética filosófica: Ideas básicas sobre ética -- Tradiciones filosóficas fundamentales -- La sociedad justa : Teorías de la justicia -- Críticas al liberalismo -- El estado y la democracia: El Estado moderno -- La evolución histórica y las formas de organización del Estado moderno -- La democracia -- La democracia y la ciudadanía -- La participación política y social -- Los partidos políticos -- Los derechos humanos : El derecho y los derechos -- El fundamento de los derechos humanos -- La vigencia de los derechos humanos --La organización constitucional argentina: para qué sirve la constitución -- Historia constitucional argentina -- La Constitución de la nación argentina | |
| 653 | |a Formación ética | ||
| 653 | |a Derechos humanos | ||
| 653 | |a Estado | ||
| 653 | |a Democracia | ||
| 653 | |a Formación ética-polimodal | ||
| 653 | |a Constitución | ||
| 700 | 1 | |a De Luca, Miguel | |
| 700 | 1 | |a Garreta Leclercq, Mariano | |
| 700 | 1 | |a Lutzky, Claudio | |
| 859 | |a CEMS |b BIB. CEMS - 11 de abril |h Z320 |i El26 |p 21120.01 |t Ej.1 | ||
| 859 | |a CEMS |b BIB. CEMS - 11 de abril |h Z320 |i El26 |p 21122.01 |t Ej.2 | ||
| 859 | |a CEMS |b BIB. CEMS - 11 de abril |h Z320 |i El26 |p 21124.01 |t Ej.3 | ||
| 859 | |a CEMS |b BIB. CEMS - 11 de abril |h Z320 |i El26 |p 22542.04 |t Ej.4 | ||
| 859 | |a CEMS |b BIB. CEMS - 11 de abril |h Z320 |i El26 |p 22700.04 |t Ej.5 | ||
